Missing Word: 'D' Movies Quiz Stats

 Plays Quiz Updated Oct 5, 2017

Score 0/20 Timer 02:00
3 Plays Today
Movie Title Missing Word % Correct
The _____ Wears PradaDevil
97.6%
The ___ After TomorrowDay
97.2%
____ and DumberDumb
96.2%
_____ Day CareDaddy
96.1%
_____ DancingDirty
95%
The ____ KnightDark
94.7%
____ VuDéjà
93.1%
___ HardDie
89.8%
____ of the DeadDawn
86.8%
____ JohnDear
85.7%
Movie Title Missing Word % Correct
_____ at a FuneralDeath
84.3%
______ for SchmucksDinner
77%
__ NoDr.
70.7%
__________, MaybeDefinitely
63.8%
_________: A True Underdog StoryDodgeball
56.9%
________ 9District
53.4%
__________ MeDespicable
44.6%
____ with LoveDown
39.5%
____ NightDate
28.5%
The ______ UpstairsDancer
3.7%

Today's Daily Dose

You're not logged in!

Compare scores with friends on all Sporcle quizzes.
OR
Log In

You Might Also Like...

Show Comments

Extras

Top Quizzes Today


Score Distribution

Your Account Isn't Verified!

In order to create a playlist on Sporcle, you need to verify the email address you used during registration. Go to your Sporcle Settings to finish the process.

Report this User

Report this user for behavior that violates our Community Guidelines.

Details: